00611pab a2200181 454500008004000000100001800040245012000058260000900178300001500187362000800202650002800210650002000238773003200258908000600290909001000296999001700306952010600323180718b2012 xxu||||| |||| 00| 0 eng d aMunib, Nashia aIs micro health insurance really effective? A study analyzing the impact of micro health insurance schemes in India c2012 ap.135-161. aJul aSocial security - India aSocial security aIndian Journal of Economics aN a99292 c99291d99291 00104070aIIPAbIIPAd2018-07-19hVolume no: 87, Issue no: 368pAR99752r2018-07-19w2018-07-19yAR